| 000 | 00706nam a2200205Ii 4500 | ||
|---|---|---|---|
| 003 | JO-AjNU | ||
| 008 | 230605s9999||||xx |||||||||||||| ||und|| | ||
| 040 |
_aJO-AjNU _bara _erda _cJO-AjNU |
||
| 041 | _aara | ||
| 050 | 1 | 4 | _aQN52.5.M2 1900 |
| 100 | 3 |
_aالنمر، مدحت احمد, _eauthor _919037 |
|
| 245 | 0 | 0 | _aالأوكسينات التباتية |
| 264 | 3 | 1 | _aالاسكندرية: دار المطبوعات الجديدة، 1900 |
| 300 | _a295ص | ||
| 336 |
_atext _btxt _2rdacontent |
||
| 337 |
_aunmediated _bn _2rdamedia |
||
| 338 |
_avolume _bnc _2rdacarrier |
||
| 490 | 0 | _aسلسلة الوحدات الدراسية في تدريس العلوم | |
| 650 | 4 |
_aالتباتات - علم _919038 |
|
| 999 |
_aA6200 _c9768 _d9768 |
||